| 000 | 01130cam a2200193 4500 | ||
|---|---|---|---|
| 001 | L129551 | ||
| 008 | 000000n2005 000 0 eng u | ||
| 035 | _a(Sirsi) u129551 | ||
| 041 | _aeng | ||
| 110 |
_aHM Revenue and Customs _94702 |
||
| 245 |
_aHM Revenue and Customs _h[electronic resource] |
||
| 260 | _c2006 | ||
| 260 | _c2005 | ||
| 520 | _aHM Revenue and Customs (HMRC) is the new department responsible for the business of the former Inland Revenue and HM Customs and Excise. HMRC website provides information and services to businesses and corporations relating to Corporation Tax, VAT, imports and exports, starting a business and other topics. Further sections cover information for new employers and self-assessment. A wide range of do-it-online services can be accessed directly such as eVAT, Corporation Tax, PAYE for employers. Also links to leaflets and booklets, rates and allowances and what's new. | ||
| 590 | _aIKA190505 | ||
| 690 | _aPROPERTY-RESIDENTIAL PROPERTY-RESIDENTIAL PROPERTY TAXATION | ||
| 856 |
_uhttps://www.hmrc.gov.uk/ _zView the website free of charge at www.hmrc.gov.uk |
||
| 942 | _n0 | ||
| 999 |
_c120446 _d120446 |
||